Houghton mifflin English / (Record no. 7037)
[ view plain ]
| 000 -LEADER | |
|---|---|
| fixed length control field | 00787cam a22002771i 4500 |
| 001 - CONTROL NUMBER | |
| JCCL Control Number | 7037 |
| 003 - CONTROL NUMBER IDENTIFIER | |
| JCCL marc code | UkOxU |
| 005 - DATE AND TIME OF LATEST TRANSACTION | |
| control field | 20180417181830.0 |
| 008 - FIXED-LENGTH DATA ELEMENTS--GENERAL INFORMATION | |
| fixed length control field | 071031s1929 mau ob 001 0 eng d |
| 020 ## - INTERNATIONAL STANDARD BOOK NUMBER | |
| International Standard Book Number | 0395319129 |
| 035 ## - SYSTEM CONTROL NUMBER | |
| system control number | (OCoLC)180158408 |
| 040 ## - CATALOGING SOURCE | |
| Original cataloging agency | KWL |
| Transcribing agency | KWL |
| Modifying agency | KWL |
| -- | OCLCQ |
| -- | OCLCF |
| -- | YBM |
| -- | OCLCQ |
| -- | UCO |
| -- | AU@ |
| -- | OCLCQ |
| -- | Z5A |
| -- | VGL |
| 041 ## - LANGUAGE CODE | |
| Language code of Book | eng |
| 050 #4 - LIBRARY OF CONGRESS CALL NUMBER | |
| Classification number | KD660 |
| Item number | .J4 1929 |
| 082 ## - DEWEY DECIMAL CLASSIFICATION NUMBER | |
| Classification number | 630 |
| Author mark and Year | HAL 1985 |
| 100 ## - MAIN ENTRY--PERSONAL NAME | |
| Personal name | Haley-James, Shirley |
| 245 14 - TITLE STATEMENT | |
| Title | Houghton mifflin English / |
| Statement of responsibility, etc | Shirley Haley-James and John Warren Stewig |
| 260 ## - PUBLICATION, DISTRIBUTION, ETC. (IMPRINT) | |
| Place of publication, distribution, etc | USA : |
| Date of publication, distribution, etc | 1977 |
| 300 ## - PHYSICAL DESCRIPTION | |
| Pagination | 384p. : |
| Dimensions | 23 cm. |
| 504 ## - BIBLIOGRAPHY, ETC. NOTE | |
| Bibliography, etc | Includes bibliographical references (pages 437-439) and index. |
| 650 #0 - SUBJECT ADDED ENTRY--TOPICAL TERM | |
| Topical term or geographic name as entry element | English |
| 651 #7 - SUBJECT ADDED ENTRY--GEOGRAPHIC NAME | |
| Geographic name | . |
| 700 ## - ADDED ENTRY--PERSONAL NAME | |
| Personal name | Stewig, John Warren |
| 942 ## - ADDED ENTRY ELEMENTS (KOHA) | |
| Source of classification or shelving scheme | Dewey Decimal Classification |
| Koha item type | Books |
| Source of classification or shelving scheme | Damaged status | Not for loan | Home library | Current library | Shelving location | Date of accession | Total Checkouts | Full call number | Barcode | Date last seen | Copy number | Koha item type |
|---|---|---|---|---|---|---|---|---|---|---|---|---|
| Dewey Decimal Classification | JCC Rouf Library | JCC Rouf Library | General Stacks | 02/04/2018 | 630 HAL 1985 | 9438 | 02/04/2018 | C-1 | Books |